000 00483nam a2200181Ia 4500
005 20250326144131.0
008 250326s9999 xx 000 0 und d
037 _aTextbook
040 _aFMSL
_beng
_cFMSL
041 _aeng
_2eng
084 _aX3:51 M3;2
_qFMSL
100 _aThomas I I
_9749103
245 0 _aMarketing communication
_cThomas I I
260 _aLondon
_bLondon, Heinemann
300 _a339p
942 _cTB
_hX3:51 M3;2
999 _c1302494
_d1302494